Practical Transfusion Medicine (Record no. 923)

MARC details
000 -LEADER
fixed length control field 00983cam a22003134a 4500
001 - CONTROL NUMBER
control field 13660881
003 - CONTROL NUMBER IDENTIFIER
control field OSt
005 - DATE AND TIME OF LATEST TRANSACTION
control field 20170217174049.0
008 - FIXED-LENGTH DATA ELEMENTS--GENERAL INFORMATION
fixed length control field 040716s2005 maua b 001 0 eng
010 ## - LIBRARY OF CONGRESS CONTROL NUMBER
LC control number 2004016676
020 ## - INTERNATIONAL STANDARD BOOK NUMBER
International Standard Book Number 140511844X
035 ## - SYSTEM CONTROL NUMBER
System control number (DNLM)101224428
040 ## - CATALOGING SOURCE
Original cataloging agency DNLM/DLC
Transcribing agency DLC
Modifying agency DLC
042 ## - AUTHENTICATION CODE
Authentication code pcc
050 00 - LIBRARY OF CONGRESS CALL NUMBER
Classification number RM171
Item number .P727 2005
060 10 - NATIONAL LIBRARY OF MEDICINE CALL NUMBER
Classification number WB356
Item number P8957 2005
082 00 - DEWEY DECIMAL CLASSIFICATION NUMBER
Classification number WB356 P881m 2005
Edition number 22
100 ## - MAIN ENTRY--PERSONAL NAME
Personal name Edited by Michael F. Murphy; Derwood H. Pamphilon.
9 (RLIN) 11605
245 00 - TITLE STATEMENT
Title Practical Transfusion Medicine
250 ## - EDITION STATEMENT
Edition statement 2nd ed.
260 ## - PUBLICATION, DISTRIBUTION, ETC. (IMPRINT)
Place of publication, distribution, etc. Malden, Mass. :
Name of publisher, distributor, etc. Blackwell Pub.,
Date of publication, distribution, etc. 2005.
300 ## - PHYSICAL DESCRIPTION
Extent xv, 469 p., 4 p;
Other physical details col.ill:
Dimensions 25 cm.+plates
504 ## - BIBLIOGRAPHY, ETC. NOTE
Bibliography, etc Includes bibliographical references and index.
650 #0 - SUBJECT ADDED ENTRY--TOPICAL TERM
Topical term or geographic name as entry element Blood
9 (RLIN) 2477
650 12 - SUBJECT ADDED ENTRY--TOPICAL TERM
Topical term or geographic name as entry element Blood Transfusion.
9 (RLIN) 350
856 41 - ELECTRONIC LOCATION AND ACCESS
Materials specified Table of contents
Uniform Resource Identifier http://www.loc.gov/catdir/toc/ecip0420/2004016676.html
906 ## - LOCAL DATA ELEMENT F, LDF (RLIN)
a 7
b cbc
c orignew
d 1
e ecip
f 20
g y-gencatlg
942 ## - ADDED ENTRY ELEMENTS (KOHA)
Source of classification or shelving scheme Other/Generic Classification Scheme
Koha item type Short Loan
Holdings
Withdrawn status Lost status Source of classification or shelving scheme Damaged status Not for loan Home library Current library Date acquired Source of acquisition Inventory number Total Checkouts Full call number Barcode Date last seen Koha item type
    Other/Generic Classification Scheme     MUST Main Library MUST Main Library 16/01/2015   08/30511   WB356 P881m 2005 2015-0148 16/01/2015 Short Loan
    Other/Generic Classification Scheme     MUST Main Library MUST Main Library 16/01/2015   08/30509   WB356 P881m 2005 2015-0149 16/01/2015 Short Loan
    Other/Generic Classification Scheme     MUST Main Library MUST Main Library 15/08/2016   08/30510   WB356 P881m 2005 2016-3622 15/08/2016 Open Shelf